000 00358nam a2200157Ia 4500
008 230524s9999 xx 000 0 und d
082 _a612
_bFUN
100 _aY.C.Fung
245 0 _aBiomechanics
250 _a2ND
260 _aNEW DELHI
_bSpringer
_c2008
300 _aXVIII;559
500 _aQuantity Number: 30
650 _aBiomedical
942 _cBK
999 _c38416
_d38416